000 00675nam a2200289Ia 4500
005 20260324140909.0
008 008 260324s9999 xx 000 0 eng d
020 _a9780429192159
037 _aEBOOK
040 _aCRL
040 _beng
040 _cCRL
041 _2eng
041 _aeng
084 _qCRL
100 _aJack Robertson; William Webb
_91206144
245 0 _aCake-Cutting Algorithms
245 0 _bBe Fair if You Can
260 _bTaylor and Francis
260 _c1998
365 _a
365 _b385
856 _uhttp://www.taylorfrancis.com/books/9780429192159
942 _cEBOOK
999 _c1808685
_d1808685